000 00678nam a2200181 i 4500
001 143369
003 ES-MaACL
005 20230906200807.0
007 t|
008 070214s1921 sp r ||||1| spa d
100 1 _aSerrano Jiménez, César.
_9105766
245 1 0 _aTecnología industrial /
_cCésar Serrano Jiménez.
250 _a2ª ed.
260 _aZaragoza :
_b[s. n.],
_c1921 (
_fTip. Hospicio Provincial)
300 _a2 v. ;
_c28 cm.
500 _aContiene: II . Trabajo manual y mecánico de talleres y maderas -- III . Organización de talleres y contabilidad industrial y obrera : datos prácticos de taller -- [Falta el tomo I]
852 _aES-MaACL
_jA-1166-67
999 _c143369
_d143369